000 01792cam a22004574i 4500
003 PE-LiUPU
005 20250731172914.0
008 150617s r 000 0 d
035 _a(Sirsi) a16989
040 _aPE-LiUPU
_bspa
_cPE-LiUPU
_erda
049 _aPRUA
082 0 4 _a290
_bF33
_221
100 1 _aFederici, Tommaso,
_eautor.
245 1 0 _aEncuentro entre las religiones /
_cIntroducción de Tomás Federici [Traducción: C. Cristo].
264 1 _aBarcelona :
_bEdisven,
_c1972.
300 _a246 páginas ;
_c19 cm.
336 _atext
_2rdacontent
337 _aunmediated
_2rdamedia
338 _avolume
_2rdacarrier
504 _aIncluye bibliografía.
505 0 _a¿"Paganos" o "creyentes" anónimos?. -Movimiento contemporáneo de la convergencia espiritual. -¿Religión absoluta?. -Toda religión auténtica es camino de salvación. -Acción misionera y diálogo con las religiones. -Israel perenne. -La acusación de deicidio y el prejuicio antijudaico entre los católicos. -Hinduismo y cristianismo. -Islamismo árabe y cristianismo.
526 _aSEG42
526 _aSEG41
526 _aSEG40
526 _aSEG39
526 _aP94
526 _aP87
526 _aP86
526 _aP85
526 _aP77
526 _aP76
526 _aP35
650 0 4 _aDiálogo interreligioso.
910 _ajck
_bjvq
_cjck
_d20150616
942 _2ddc
_cBOOK
949 _a290 F33
_wDEWEY
_c1
_i12777
_lCCODEBUL1
_mBUL
_p00.00
_r0
_sY
_tBOOK
_u19741010
_xTEOLOGIA
_PP35
_0COMPRA
_o.STAFF. Colección General
994 _aC0
_bPEPRU
596 _a1
999 _a290 F33
_wDEWEY
_c16517
_i12777
_d16517
_f2021-11-12
_g5
_lCCODEBUL1
_mBUL
_q1
_r0
_sY
_tBOOK
_u2015-6-17
_xTEOLOGIA
_PP35
_0COMPRA
_o.STAFF. Colección General
980 _81
_gALBERTO SANCHEZ Responsable de Automatización